[Event "ODJM B 2025"]
[Site "Willingen GER"]
[Date "2025.06.08"]
[Round "2"]
[White "Borukhson, Benjamin Joel"]
[Black "Jagodkin, Anton"]
[Result "1-0"]
[Termination "normal"]
[Board "43"]
[WhiteElo "1717"]
[BlackElo "1515"]
[WhiteClock "00:03:46"]
[BlackClock "00:52:37"]
[PlyCount "63"]
[WhiteFideId "34612920"]
[BlackFideId "34607307"]
[EventCountry "GER"]
[EventRounds "9"]
[EventType "swiss"]
[EventDate "2025.06.07"]

1. e4 {[%clk 01:30:56]} {[%emt 00:00:03]} c6 {[%clk 01:30:55]} {[%emt
00:00:05]} 2. d4 {[%clk 01:31:21]} {[%emt 00:00:05]} d5 {[%clk 01:31:20]}
{[%emt 00:00:05]} 3. exd5 {[%clk 01:31:45]} {[%emt 00:00:07]} cxd5 {[%clk
01:31:44]} {[%emt 00:00:06]} 4. c4 {[%clk 01:32:05]} {[%emt 00:00:09]} Nf6
{[%clk 01:31:26]} {[%emt 00:00:48]} 5. Nc3 {[%clk 01:31:47]} {[%emt 00:00:48]}
Nc6 {[%clk 01:31:32]} {[%emt 00:00:25]} 6. Nf3 {[%clk 01:31:49]} {[%emt
00:00:28]} Bg4 {[%clk 01:31:47]} {[%emt 00:00:15]} 7. cxd5 {[%clk 01:31:12]}
{[%emt 00:01:08]} Nxd5 {[%clk 01:31:47]} {[%emt 00:00:29]} 8. Be2 {[%clk
01:31:13]} {[%emt 00:00:28]} e6 {[%clk 01:31:00]} {[%emt 00:01:18]} 9. O-O
{[%clk 01:30:44]} {[%emt 00:00:58]} Nxc3 {[%clk 01:29:49]} {[%emt 00:01:42]}
10. bxc3 {[%clk 01:31:04]} {[%emt 00:00:10]} Bd6 {[%clk 01:29:44]} {[%emt
00:00:34]} 11. Rb1 {[%clk 01:25:08]} {[%emt 00:06:26]} Qc7 {[%clk 01:26:30]}
{[%emt 00:03:44]} 12. h3 {[%clk 01:24:27]} {[%emt 00:01:10]} Bh5 {[%clk
01:25:07]} {[%emt 00:01:54]} 13. Qb3 {[%clk 01:07:17]} {[%emt 00:17:41]} Rb8
{[%clk 01:21:34]} {[%emt 00:04:03]} 14. Rd1 {[%clk 00:53:23]} {[%emt 00:14:22]}
O-O {[%clk 01:20:11]} {[%emt 00:01:53]} 15. c4 {[%clk 00:47:16]} {[%emt
00:06:38]} Na5 {[%clk 01:12:21]} {[%emt 00:08:20]} 16. Qc3 {[%clk 00:43:43]}
{[%emt 00:03:57]} b6 {[%clk 01:10:30]} {[%emt 00:02:27]} 17. Bb2 {[%clk
00:31:56]} {[%emt 00:12:14]} Bxf3 {[%clk 01:09:15]} {[%emt 00:01:48]} 18. Qxf3
{[%clk 00:29:16]} {[%emt 00:03:10]} Rbc8 {[%clk 01:07:11]} {[%emt 00:02:34]}
19. c5 {[%clk 00:25:32]} {[%emt 00:04:13]} bxc5 {[%clk 01:04:40]} {[%emt
00:03:01]} 20. Ba6 {[%clk 00:25:38]} {[%emt 00:00:24]} Rb8 {[%clk 01:04:00]}
{[%emt 00:01:11]} 21. dxc5 {[%clk 00:24:28]} {[%emt 00:01:40]} Bxc5 {[%clk
01:02:55]} {[%emt 00:01:34]} 22. Qc3 {[%clk 00:22:33]} {[%emt 00:02:25]} f6
{[%clk 01:02:31]} {[%emt 00:00:55]} 23. Rbc1 {[%clk 00:13:33]} {[%emt
00:09:30]} Bxf2+ {[%clk 00:57:39]} {[%emt 00:05:21]} 24. Kxf2 {[%clk 00:06:51]}
{[%emt 00:07:11]} Qb6+ {[%clk 00:57:56]} {[%emt 00:00:14]} 25. Ke1 {[%clk
00:07:11]} {[%emt 00:00:10]} Qxa6 {[%emt 00:03:23]} 26. Rd7 {[%clk 00:04:51]}
Rbc8 {[%clk 00:53:31]} {[%emt 00:04:52]} 27. Qg3 {[%clk 00:02:47]} {[%emt
00:02:34]} Rxc1+ {[%clk 00:53:07]} {[%emt 00:00:55]} 28. Bxc1 {[%clk 00:03:12]}
{[%emt 00:00:04]} g5 {[%clk 00:52:17]} {[%emt 00:01:20]} 29. Qc7 {[%clk
00:03:13]} {[%emt 00:00:30]} Rc8 {[%clk 00:51:51]} {[%emt 00:00:56]} 30. Rg7+
{[%clk 00:03:27]} {[%emt 00:00:15]} Kh8 {[%clk 00:52:13]} {[%emt 00:00:09]} 31.
Rxh7+ {[%clk 00:03:52]} {[%emt 00:00:05]} Kg8 {[%clk 00:52:37]} {[%emt
00:00:05]} 32. Qg7# {[%clk 00:03:46]} {[%emt 00:00:05]} 1-0

[Event "ODJM B 2025"]
[Site "Willingen GER"]
[Date "2025.06.08"]
[Round "2"]
[White "Ensslen, Jakob"]
[Black "Leonhardt, Lukas"]
[Result "1-0"]
[Termination "normal"]
[Board "44"]
[WhiteElo "1682"]
[BlackElo "1673"]
[WhiteClock "00:24:49"]
[BlackClock "00:30:00"]
[PlyCount "106"]
[WhiteFideId "34640258"]
[BlackFideId "34683950"]
[EventCountry "GER"]
[EventRounds "9"]
[EventType "swiss"]
[EventDate "2025.06.07"]

1. e4 {[%clk 01:30:55]} {[%emt 00:00:04]} e5 {[%clk 01:30:24]} {[%emt
00:00:35]} 2. Nf3 {[%clk 01:31:20]} {[%emt 00:00:07]} Nc6 {[%clk 01:30:40]}
{[%emt 00:00:13]} 3. Bc4 {[%clk 01:31:46]} {[%emt 00:00:04]} Bc5 {[%clk
01:30:05]} {[%emt 00:01:04]} 4. c3 {[%clk 01:32:12]} {[%emt 00:00:06]} Nf6
{[%clk 01:29:14]} {[%emt 00:01:20]} 5. d4 {[%clk 01:32:36]} {[%emt 00:00:07]}
exd4 {[%clk 01:28:22]} {[%emt 00:01:21]} 6. e5 {[%clk 01:32:55]} {[%emt
00:00:12]} d5 {[%clk 01:27:29]} {[%emt 00:01:22]} 7. Bb5 {[%clk 01:33:14]}
{[%emt 00:00:12]} Ne4 {[%clk 01:26:15]} {[%emt 00:01:44]} 8. cxd4 {[%clk
01:33:34]} {[%emt 00:00:11]} Bb4+ {[%clk 01:23:58]} {[%emt 00:02:46]} 9. Nbd2
{[%clk 01:33:41]} {[%emt 00:00:24]} Bg4 {[%clk 01:18:39]} {[%emt 00:05:48]} 10.
O-O {[%clk 01:19:37]} {[%emt 00:14:33]} O-O {[%clk 01:03:17]} {[%emt 00:15:53]}
11. Qa4 {[%clk 01:15:33]} {[%emt 00:04:35]} Nxd2 {[%clk 00:33:34]} {[%emt
00:30:12]} 12. Nxd2 {[%clk 01:15:23]} {[%emt 00:00:40]} Bxd2 {[%clk 00:30:34]}
{[%emt 00:03:30]} 13. Bxd2 {[%clk 01:14:40]} {[%emt 00:01:13]} Bd7 {[%clk
00:27:37]} {[%emt 00:03:27]} 14. Bxc6 {[%clk 01:08:47]} {[%emt 00:06:23]} Bxc6
{[%clk 00:26:27]} {[%emt 00:01:39]} 15. Qb3 {[%clk 01:06:16]} {[%emt 00:03:02]}
Qh4 {[%clk 00:16:20]} {[%emt 00:10:36]} 16. f4 {[%clk 01:02:27]} {[%emt
00:04:20]} a6 {[%clk 00:10:04]} {[%emt 00:06:46]} 17. Be1 {[%clk 00:53:16]}
{[%emt 00:09:42]} Qe7 {[%clk 00:08:07]} {[%emt 00:02:26]} 18. Bb4 {[%clk
00:51:13]} {[%emt 00:02:35]} Qd7 {[%clk 00:06:08]} {[%emt 00:02:28]} 19. Bxf8
{[%clk 00:50:32]} {[%emt 00:01:13]} Rxf8 {[%clk 00:04:47]} {[%emt 00:01:49]}
20. f5 {[%clk 00:49:59]} {[%emt 00:01:03]} b6 {[%clk 00:04:08]} {[%emt
00:01:08]} 21. f6 {[%clk 00:48:49]} {[%emt 00:01:41]} gxf6 {[%clk 00:01:59]}
{[%emt 00:02:38]} 22. exf6 {[%clk 00:48:34]} {[%emt 00:00:45]} Kh8 {[%clk
00:02:08]} {[%emt 00:00:21]} 23. Rae1 {[%clk 00:41:13]} {[%emt 00:07:52]} Rg8
{[%clk 00:02:09]} {[%emt 00:00:29]} 24. Qf3 {[%clk 00:38:05]} {[%emt 00:03:37]}
Bb5 {[%clk 00:01:44]} {[%emt 00:00:57]} 25. Rf2 {[%clk 00:37:08]} {[%emt
00:01:28]} Re8 {[%clk 00:00:56]} {[%emt 00:01:17]} 26. Re5 {[%clk 00:34:13]}
{[%emt 00:03:24]} Bc4 {[%clk 00:00:46]} {[%emt 00:00:41]} 27. b3 {[%clk
00:28:29]} {[%emt 00:06:15]} Bb5 {[%clk 00:01:14]} {[%emt 00:00:02]} 28. a4
{[%clk 00:26:54]} {[%emt 00:02:05]} Bc6 {[%clk 00:01:28]} {[%emt 00:00:15]} 29.
Qg3 {[%clk 00:24:48]} {[%emt 00:02:36]} Rg8 {[%clk 00:01:49]} {[%emt 00:00:08]}
30. Rg5 {[%clk 00:23:24]} {[%emt 00:01:54]} Qe8 {[%clk 00:01:22]} {[%emt
00:00:58]} 31. Rxg8+ {[%clk 00:23:30]} {[%emt 00:00:23]} Qxg8 {[%clk 00:01:45]}
{[%emt 00:00:08]} 32. Qxg8+ {[%clk 00:23:39]} {[%emt 00:00:22]} Kxg8 {[%clk
00:02:00]} {[%emt 00:00:14]} 33. Re2 {[%clk 00:23:52]} {[%emt 00:00:16]} h6
{[%clk 00:01:30]} {[%emt 00:01:01]} 34. Re7 {[%clk 00:24:02]} {[%emt 00:00:19]}
Kh7 {[%clk 00:01:29]} {[%emt 00:00:32]} 35. Rxf7+ {[%clk 00:23:02]} {[%emt
00:01:31]} Kg6 {[%clk 00:01:59]} 36. Rxc7 {[%clk 00:23:17]} {[%emt 00:00:14]}
Be8 {[%clk 00:01:58]} {[%emt 00:00:30]} 37. Rb7 {[%clk 00:21:44]} {[%emt
00:02:03]} b5 {[%clk 00:02:18]} {[%emt 00:00:10]} 38. a5 {[%clk 00:21:38]}
{[%emt 00:00:36]} Kxf6 {[%clk 00:02:08]} {[%emt 00:00:40]} 39. Rb6+ {[%clk
00:21:56]} {[%emt 00:00:13]} Kf5 {[%clk 00:02:00]} {[%emt 00:00:38]} 40. Rxa6
{[%clk 00:22:10]} {[%emt 00:00:16]} Bd7 {[%clk 00:00:59]} {[%emt 00:01:30]} 41.
Rd6 {[%clk 00:21:48]} {[%emt 00:00:51]} Be6 {[%clk 00:01:15]} {[%emt 00:00:15]}
42. Rxe6 {[%clk 00:22:13]} {[%emt 00:00:06]} Kxe6 {[%clk 00:00:51]} {[%emt
00:00:53]} 43. a6 {[%clk 00:22:31]} {[%emt 00:00:12]} Kf5 {[%clk 00:00:53]}
{[%emt 00:00:29]} 44. a7 {[%clk 00:22:53]} {[%emt 00:00:08]} Ke4 {[%clk
00:00:47]} {[%emt 00:00:36]} 45. a8=Q {[%clk 00:23:16]} {[%emt 00:00:07]} Kxd4
{[%clk 00:00:33]} {[%emt 00:00:44]} 46. Kf2 {[%clk 00:23:35]} {[%emt 00:00:11]}
Kc5 {[%clk 00:00:50]} {[%emt 00:00:14]} 47. Ke3 {[%clk 00:23:52]} {[%emt
00:00:13]} h5 {[%clk 00:00:59]} {[%emt 00:00:21]} 48. Qc8+ {[%clk 00:24:14]}
{[%emt 00:00:08]} Kb4 {[%clk 00:00:44]} {[%emt 00:00:46]} 49. Kd3 {[%clk
00:24:10]} {[%emt 00:00:34]} Ka3 {[%clk 00:00:33]} {[%emt 00:00:41]} 50. Kc3
{[%clk 00:24:00]} {[%emt 00:00:39]} d4 {[%clk 00:00:46]} {[%emt 00:00:18]} 51.
Kxd4 {[%clk 00:24:25]} {[%emt 00:00:05]} h4 {[%clk 00:00:39]} {[%emt 00:00:37]}
52. Kc3 {[%clk 00:24:27]} {[%emt 00:00:29]} b4 {[%clk 00:00:48]} {[%emt
00:00:21]} 53. Kc2 {[%clk 00:24:49]} {[%emt 00:00:08]} Ka4 {[%clk 00:30:00]}
{[%emt 00:00:48]} 1-0

[Event "ODJM B 2025"]
[Site "Willingen GER"]
[Date "2025.06.08"]
[Round "2"]
[White "Wilmink, Luca"]
[Black "Schille, Marlene"]
[Result "1-0"]
[Termination "normal"]
[Board "45"]
[WhiteElo "1779"]
[BlackElo "1461"]
[WhiteClock "00:28:52"]
[BlackClock "00:30:03"]
[PlyCount "91"]
[WhiteFideId "16245253"]
[BlackFideId "533000670"]
[EventCountry "GER"]
[EventRounds "9"]
[EventType "swiss"]
[EventDate "2025.06.07"]

1. e4 {[%clk 01:30:57]} {[%emt 00:00:02]} c5 {[%clk 01:30:48]} {[%emt
00:00:12]} 2. Nf3 {[%clk 01:31:02]} {[%emt 00:00:25]} Nc6 {[%clk 01:30:53]}
{[%emt 00:00:25]} 3. d4 {[%clk 01:31:20]} {[%emt 00:00:12]} cxd4 {[%clk
01:31:08]} {[%emt 00:00:16]} 4. Nxd4 {[%clk 01:31:40]} {[%emt 00:00:09]} Nf6
{[%clk 01:31:13]} {[%emt 00:00:25]} 5. Nc3 {[%clk 01:31:37]} {[%emt 00:00:33]}
e5 {[%clk 01:31:04]} {[%emt 00:00:39]} 6. Ndb5 {[%clk 01:27:53]} {[%emt
00:04:15]} d6 {[%clk 01:31:11]} {[%emt 00:00:23]} 7. Bg5 {[%clk 01:27:05]}
{[%emt 00:01:17]} a6 {[%clk 01:30:55]} {[%emt 00:00:46]} 8. Na3 {[%clk
01:26:34]} {[%emt 00:01:02]} b5 {[%clk 01:30:00]} {[%emt 00:01:25]} 9. Nd5
{[%clk 01:25:39]} {[%emt 00:01:25]} Be7 {[%clk 01:29:34]} {[%emt 00:00:56]} 10.
Bxf6 {[%clk 01:23:54]} {[%emt 00:02:15]} gxf6 {[%clk 01:29:34]} {[%emt
00:00:30]} 11. Qd2 {[%clk 01:12:58]} {[%emt 00:11:26]} f5 {[%clk 01:27:41]}
{[%emt 00:02:23]} 12. Bd3 {[%clk 01:05:19]} {[%emt 00:08:09]} Bg5 {[%clk
01:22:59]} {[%emt 00:05:11]} 13. Qc3 {[%clk 00:57:23]} {[%emt 00:08:27]} Bd7
{[%clk 01:13:07]} {[%emt 00:10:22]} 14. f4 {[%clk 00:50:39]} {[%emt 00:07:14]}
Bf6 {[%clk 01:08:42]} {[%emt 00:04:55]} 15. exf5 {[%clk 00:50:56]} {[%emt
00:00:12]} Rc8 {[%clk 01:08:14]} {[%emt 00:00:59]} 16. O-O {[%clk 00:47:13]}
{[%emt 00:04:13]} Rg8 {[%clk 01:01:29]} {[%emt 00:07:14]} 17. Qe1 {[%clk
00:43:23]} {[%emt 00:04:21]} Nd4 {[%clk 00:59:29]} {[%emt 00:02:30]} 18. c3
{[%clk 00:36:50]} {[%emt 00:07:03]} Nxf5 {[%clk 00:56:38]} {[%emt 00:03:21]}
19. fxe5 {[%clk 00:36:51]} {[%emt 00:00:30]} dxe5 {[%clk 00:51:19]} {[%emt
00:05:48]} 20. Bxf5 {[%clk 00:31:57]} {[%emt 00:05:24]} Bxf5 {[%clk 00:50:38]}
{[%emt 00:01:11]} 21. Rd1 {[%clk 00:30:14]} {[%emt 00:02:13]} Rg5 {[%clk
00:46:58]} {[%emt 00:04:10]} 22. Nc2 {[%clk 00:28:17]} {[%emt 00:02:27]} Rc6
{[%clk 00:40:09]} {[%emt 00:07:20]} 23. Nce3 {[%clk 00:27:59]} {[%emt
00:00:47]} Qc8 {[%clk 00:38:31]} {[%emt 00:02:04]} 24. Qf2 {[%clk 00:25:25]}
{[%emt 00:03:08]} Be7 {[%clk 00:30:57]} {[%emt 00:08:04]} 25. Nxe7 {[%clk
00:25:00]} {[%emt 00:00:55]} Kxe7 {[%clk 00:31:25]} {[%emt 00:00:02]} 26. Nxf5+
{[%clk 00:25:17]} {[%emt 00:00:12]} Kf8 {[%clk 00:29:51]} {[%emt 00:02:05]} 27.
Nd6 {[%clk 00:25:31]} {[%emt 00:00:16]} Qe6 {[%clk 00:27:22]} {[%emt 00:02:59]}
28. Nxf7 {[%clk 00:25:48]} {[%emt 00:00:12]} Rg6 {[%clk 00:25:10]} {[%emt
00:02:42]} 29. Ng5+ {[%clk 00:25:39]} {[%emt 00:00:39]} Rf6 {[%clk 00:24:33]}
{[%emt 00:01:08]} 30. Nxe6+ {[%clk 00:25:57]} {[%emt 00:00:11]} Rcxe6 {[%clk
00:24:56]} {[%emt 00:00:07]} 31. Qc5+ {[%clk 00:26:12]} {[%emt 00:00:15]} Kg7
{[%emt 00:00:33]} 32. Rd7+ {[%clk 00:26:23]} Kg6 {[%clk 00:25:35]} {[%emt
00:00:06]} 33. Rxf6+ {[%clk 00:26:19]} {[%emt 00:00:34]} Rxf6 {[%clk 00:26:03]}
{[%emt 00:00:02]} 34. Rd6 {[%clk 00:26:40]} {[%emt 00:00:09]} Rxd6 {[%clk
00:26:23]} {[%emt 00:00:09]} 35. Qxd6+ {[%clk 00:27:03]} {[%emt 00:00:06]} Kf5
{[%clk 00:26:49]} {[%emt 00:00:05]} 36. Kf2 {[%clk 00:27:17]} {[%emt 00:00:16]}
Ke4 {[%clk 00:27:07]} {[%emt 00:00:12]} 37. Ke2 {[%clk 00:27:07]} {[%emt
00:00:41]} Kf5 {[%clk 00:27:25]} {[%emt 00:00:11]} 38. g3 {[%clk 00:26:58]}
{[%emt 00:00:38]} h5 {[%clk 00:27:37]} {[%emt 00:00:19]} 39. h4 {[%clk
00:27:04]} {[%emt 00:00:24]} a5 {[%clk 00:27:57]} {[%emt 00:00:10]} 40. Ke3
{[%clk 00:27:04]} {[%emt 00:00:30]} a4 {[%clk 00:28:09]} {[%emt 00:00:18]} 41.
Qd7+ {[%clk 00:27:20]} {[%emt 00:00:13]} Kf6 {[%clk 00:28:33]} {[%emt
00:00:07]} 42. Ke4 {[%clk 00:27:36]} {[%emt 00:00:14]} b4 {[%clk 00:28:53]}
{[%emt 00:00:10]} 43. Qf5+ {[%clk 00:27:53]} {[%emt 00:00:13]} Ke7 {[%clk
00:29:11]} {[%emt 00:00:13]} 44. Kxe5 {[%clk 00:28:09]} {[%emt 00:00:14]} bxc3
{[%clk 00:29:37]} {[%emt 00:00:04]} 45. Qe6+ {[%clk 00:28:29]} {[%emt
00:00:10]} Kd8 {[%clk 00:30:03]} {[%emt 00:00:04]} 46. Kd6 {[%clk 00:28:52]}
{[%emt 00:00:07]} 1-0

[Event "ODJM B 2025"]
[Site "Willingen GER"]
[Date "2025.06.08"]
[Round "2"]
[White "Rose, Elias Bernd"]
[Black "Rempe, Mieke"]
[Result "0-1"]
[Termination "normal"]
[Board "46"]
[WhiteElo "1609"]
[BlackElo "1779"]
[WhiteClock "00:53:37"]
[BlackClock "00:19:05"]
[PlyCount "54"]
[WhiteFideId "34665730"]
[BlackFideId "16202384"]
[EventCountry "GER"]
[EventRounds "9"]
[EventType "swiss"]
[EventDate "2025.06.07"]

1. e4 {[%clk 01:30:57]} {[%emt 00:00:02]} c6 {[%clk 01:30:55]} {[%emt
00:00:05]} 2. d4 {[%clk 01:31:23]} {[%emt 00:00:04]} d5 {[%clk 01:31:21]}
{[%emt 00:00:04]} 3. Nc3 {[%clk 01:31:48]} {[%emt 00:00:05]} dxe4 {[%clk
01:31:46]} {[%emt 00:00:06]} 4. Nxe4 {[%clk 01:32:13]} {[%emt 00:00:05]} Bf5
{[%clk 01:31:52]} {[%emt 00:00:23]} 5. Ng3 {[%clk 01:32:35]} {[%emt 00:00:08]}
Bg6 {[%clk 01:32:17]} {[%emt 00:00:06]} 6. h4 {[%clk 01:32:48]} {[%emt
00:00:16]} h6 {[%clk 01:32:42]} {[%emt 00:00:06]} 7. Nf3 {[%clk 01:32:14]}
{[%emt 00:01:04]} Nd7 {[%clk 01:33:06]} {[%emt 00:00:05]} 8. c3 {[%clk
01:31:50]} {[%emt 00:00:53]} e6 {[%clk 01:29:44]} {[%emt 00:03:52]} 9. Bf4
{[%clk 01:31:29]} {[%emt 00:00:51]} Ngf6 {[%clk 01:27:07]} {[%emt 00:03:07]}
10. Bd3 {[%clk 01:30:09]} {[%emt 00:01:51]} Bxd3 {[%clk 01:26:22]} {[%emt
00:01:15]} 11. Qxd3 {[%clk 01:30:30]} {[%emt 00:00:08]} Nd5 {[%clk 01:19:15]}
{[%emt 00:07:37]} 12. Ne2 {[%clk 01:18:50]} {[%emt 00:12:10]} Nxf4 {[%clk
01:11:35]} {[%emt 00:08:10]} 13. Nxf4 {[%clk 01:19:11]} {[%emt 00:00:09]} Bd6
{[%clk 01:00:10]} {[%emt 00:11:56]} 14. Qd2 {[%clk 01:18:25]} {[%emt 00:01:15]}
Qc7 {[%clk 00:58:13]} {[%emt 00:02:27]} 15. Nd3 {[%clk 01:16:59]} {[%emt
00:01:56]} O-O-O {[%emt 00:01:25]} 16. b4 {[%clk 01:13:21]} {[%emt 00:04:05]}
e5 {[%clk 00:55:18]} {[%emt 00:02:32]} 17. O-O {[%clk 01:12:47]} {[%emt
00:01:06]} e4 {[%clk 00:54:04]} {[%emt 00:01:44]} 18. Nfe5 {[%clk 01:03:29]}
{[%emt 00:09:48]} Nxe5 {[%clk 00:50:06]} {[%emt 00:04:27]} 19. Nxe5 {[%clk
01:02:15]} {[%emt 00:01:43]} Bxe5 {[%clk 00:50:13]} {[%emt 00:00:24]} 20. Qe3
{[%clk 01:00:38]} {[%emt 00:02:06]} Bf6 {[%clk 00:44:57]} {[%emt 00:05:46]} 21.
Qxe4 {[%clk 00:59:38]} {[%emt 00:01:30]} Rhe8 {[%clk 00:40:18]} {[%emt
00:05:10]} 22. Qg4+ {[%clk 00:58:29]} {[%emt 00:01:40]} Qd7 {[%clk 00:39:28]}
{[%emt 00:01:20]} 23. Qg3 {[%clk 00:57:43]} {[%emt 00:01:15]} Re4 {[%clk
00:37:28]} {[%emt 00:02:30]} 24. Rfe1 {[%clk 00:57:05]} {[%emt 00:01:08]} Rde8
{[%clk 00:32:19]} {[%emt 00:05:39]} 25. Rxe4 {[%clk 00:55:13]} {[%emt
00:02:22]} Rxe4 {[%clk 00:31:38]} {[%emt 00:01:11]} 26. f3 {[%clk 00:55:07]}
{[%emt 00:00:36]} Rxd4 {[%clk 00:25:44]} {[%emt 00:06:24]} 27. Rc1 {[%clk
00:53:37]} {[%emt 00:01:59]} Rxh4 {[%clk 00:19:05]} {[%emt 00:07:10]} 0-1

[Event "ODJM B 2025"]
[Site "Willingen GER"]
[Date "2025.06.08"]
[Round "2"]
[White "Othman, Beesan"]
[Black "Magezi, Noah"]
[Result "0-1"]
[Termination "normal"]
[Board "48"]
[WhiteElo "1732"]
[BlackElo "1607"]
[WhiteClock "00:00:36"]
[BlackClock "00:30:28"]
[PlyCount "78"]
[WhiteFideId "34640738"]
[BlackFideId "34696113"]
[EventCountry "GER"]
[EventRounds "9"]
[EventType "swiss"]
[EventDate "2025.06.07"]

1. e4 {[%clk 01:30:57]} {[%emt 00:00:02]} c5 {[%clk 01:30:54]} {[%emt
00:00:06]} 2. Nf3 {[%clk 01:31:23]} {[%emt 00:00:03]} e6 {[%clk 01:31:21]}
{[%emt 00:00:04]} 3. d4 {[%clk 01:31:51]} {[%emt 00:00:02]} cxd4 {[%clk
01:31:46]} {[%emt 00:00:05]} 4. Nxd4 {[%clk 01:32:18]} {[%emt 00:00:03]} a6
{[%clk 01:32:13]} {[%emt 00:00:04]} 5. Nc3 {[%clk 01:30:57]} {[%emt 00:01:50]}
Qc7 {[%clk 01:32:32]} {[%emt 00:00:10]} 6. Be3 {[%clk 01:30:40]} {[%emt
00:00:46]} Bb4 {[%clk 01:32:49]} {[%emt 00:00:14]} 7. Qd3 {[%clk 01:27:44]}
{[%emt 00:03:26]} Nf6 {[%clk 01:31:02]} {[%emt 00:02:17]} 8. a3 {[%clk
01:23:28]} {[%emt 00:04:46]} Bxc3+ {[%clk 01:29:33]} {[%emt 00:01:59]} 9. bxc3
{[%clk 01:23:16]} {[%emt 00:00:41]} Nxe4 {[%clk 01:28:39]} {[%emt 00:01:24]}
10. c4 {[%clk 01:23:01]} {[%emt 00:00:45]} Qa5+ {[%clk 01:28:11]} {[%emt
00:00:58]} 11. Bd2 {[%clk 01:22:30]} {[%emt 00:01:01]} Qxd2+ {[%clk 01:28:27]}
{[%emt 00:00:14]} 12. Qxd2 {[%clk 01:22:54]} {[%emt 00:00:05]} Nxd2 {[%clk
01:28:56]} {[%emt 00:00:02]} 13. Kxd2 {[%clk 01:23:23]} {[%emt 00:00:02]} d6
{[%clk 01:24:20]} {[%emt 00:05:06]} 14. g3 {[%clk 01:19:57]} {[%emt 00:03:55]}
e5 {[%clk 01:21:02]} {[%emt 00:03:48]} 15. Nb3 {[%clk 01:18:50]} {[%emt
00:01:38]} Be6 {[%clk 01:20:38]} {[%emt 00:00:54]} 16. Rb1 {[%clk 01:07:41]}
{[%emt 00:11:38]} Nc6 {[%clk 01:12:13]} {[%emt 00:08:56]} 17. Kc3 {[%clk
00:56:52]} {[%emt 00:11:18]} Ke7 {[%clk 00:55:23]} {[%emt 00:17:21]} 18. Bg2
{[%clk 00:55:46]} {[%emt 00:01:34]} a5 {[%clk 00:54:22]} {[%emt 00:01:32]} 19.
Rhd1 {[%clk 00:49:31]} {[%emt 00:06:44]} Rhc8 {[%clk 00:46:22]} {[%emt
00:08:30]} 20. Nd2 {[%clk 00:42:00]} {[%emt 00:08:00]} Rab8 {[%clk 00:36:35]}
{[%emt 00:10:18]} 21. Rb5 {[%clk 00:35:36]} {[%emt 00:06:54]} Kd7 {[%clk
00:30:21]} {[%emt 00:06:42]} 22. Rdb1 {[%clk 00:10:40]} {[%emt 00:25:27]} Kc7
{[%clk 00:28:47]} {[%emt 00:02:05]} 23. Bxc6 {[%clk 00:08:40]} {[%emt
00:02:30]} bxc6 {[%clk 00:28:57]} {[%emt 00:00:19]} 24. Rxa5 {[%clk 00:08:23]}
{[%emt 00:00:48]} Rxb1 {[%clk 00:29:20]} {[%emt 00:00:07]} 25. Nxb1 {[%clk
00:08:48]} {[%emt 00:00:05]} Kb6 {[%clk 00:29:46]} {[%emt 00:00:04]} 26. Ra4
{[%clk 00:08:44]} {[%emt 00:00:34]} c5 {[%clk 00:30:09]} {[%emt 00:00:07]} 27.
Kb3 {[%clk 00:06:41]} {[%emt 00:02:34]} Bd7 {[%clk 00:30:30]} {[%emt 00:00:09]}
28. Nc3 {[%clk 00:07:00]} {[%emt 00:00:10]} Bxa4+ {[%clk 00:30:55]} {[%emt
00:00:05]} 29. Kxa4 {[%clk 00:06:53]} {[%emt 00:00:38]} Kb7 {[%clk 00:30:01]}
{[%emt 00:01:23]} 30. Kb3 {[%clk 00:05:33]} {[%emt 00:01:50]} f5 {[%clk
00:30:00]} {[%emt 00:00:31]} 31. Nb5 {[%clk 00:05:33]} {[%emt 00:00:31]} Rd8
{[%clk 00:29:53]} {[%emt 00:00:37]} 32. Nc3 {[%clk 00:05:43]} {[%emt 00:00:20]}
g5 {[%clk 00:29:52]} {[%emt 00:00:30]} 33. Nd5 {[%clk 00:06:01]} {[%emt
00:00:12]} f4 {[%clk 00:29:35]} {[%emt 00:00:48]} 34. g4 {[%clk 00:02:56]}
{[%emt 00:03:35]} e4 {[%clk 00:29:14]} {[%emt 00:00:50]} 35. a4 {[%clk
00:01:48]} {[%emt 00:01:38]} e3 {[%clk 00:29:14]} {[%emt 00:00:30]} 36. fxe3
{[%clk 00:01:10]} {[%emt 00:01:08]} f3 {[%clk 00:29:34]} {[%emt 00:00:10]} 37.
e4 {[%clk 00:01:25]} {[%emt 00:00:15]} Re8 {[%clk 00:29:43]} {[%emt 00:00:21]}
38. Ne3 {[%clk 00:01:16]} {[%emt 00:00:40]} Rxe4 {[%clk 00:30:05]} {[%emt
00:00:08]} 39. Nf1 {[%clk 00:00:36]} {[%emt 00:01:10]} Re1 {[%clk 00:30:28]}
{[%emt 00:00:07]} 0-1